000 00910nam a2200289 i 4500
001 14411
003 ES-MaACL
005 20231021062526.0
007 t|
008 980609s1997 sp ||||0| spa j
020 _a84-8310-032-0
040 _aM-BN
_bspa
_cM-BN
080 _a1 Heidegger, Martin
080 _a929 Heidegger, Martin
100 1 _aSafranski, Rüdiger.
_9101398
245 1 3 _aUn maestro de Alemania
_b: Martin Heidegger y su tiempo /
_cRüdiger Safranski ; traducido del alemán por Raúl Gabás.
250 _a1ª ed.
260 _aBarcelona :
_bTusquets,
_c1997.
300 _a543 p. ;
_c23 cm.
490 1 _aColección Andanzas ;
_v311
600 1 4 _aHeidegger, Martin.
_962337
700 0 _aGabás Pallás, Raúl.
_953124
830 0 0 _aColección Andanzas
_v311
_9234359
852 _aES-MaACL
_jL-21640
_bR.127099
999 _c14411
_d14411